| 000 | 00466nam a2200181Ia 4500 | ||
|---|---|---|---|
| 001 | 23163 | ||
| 005 | 20260414150919.0 | ||
| 008 | 260414t1998||||xx |||||||||||||| ||spa|| | ||
| 041 | _aESP | ||
| 082 |
_a625.1 _bB24 |
||
| 100 |
_aBartkowiak, Danuta _eAUT |
||
| 245 | 0 |
_aErnesto Malinowski, constructor del ferrocarril trasandino 1818 - 1899 _b |
|
| 260 | _c1998 | ||
| 300 |
_a217 páginas : _c20 cm. |
||
| 650 | _a0 | ||
| 654 | _aCIC | ||
| 942 |
_cLIB _dJUS _fJUS _2ddc _n |
||
| 999 |
_c23163 _d23163 |
||